|
|
|
|
| LEADER |
00000cam a2200000 a 4500 |
| 001 |
vtls001440160 |
| 003 |
SK-MaSNL |
| 005 |
20260301013529.0 |
| 008 |
251029s2001 xo a g h 0|0 0bslo |
| 015 |
|
|
|a SNBA2002/12-03963
|
| 020 |
|
|
|a 807114357X
|q (brož.)
|
| 035 |
|
|
|a SNK000395324
|
| 035 |
|
|
|a urn:nbn:sk:snk-amjda6
|
| 035 |
|
|
|a urn:nbn:sk:snk-am002myg
|
| 035 |
|
|
|a FC5B1ABB-4237-410F-A231-E3DAB758AD6D
|
| 040 |
|
|
|a SNK
|b slo
|c SNK
|e AACR2
|
| 041 |
0 |
|
|a slo
|
| 044 |
|
|
|a xo
|c SK
|
| 080 |
|
|
|a 271(437.1/.2)
|2 1981
|
| 080 |
|
|
|a 929
|2 1981
|
| 100 |
1 |
|
|a Sebíňová, Františka
|4 aut
|9 66722
|
| 245 |
1 |
0 |
|a Tajomná radosť
|b životopis matky Rózy Vůjtechovej, zakladateľky Kongregácie sestier tešiteliek Božského Srdca Ježišovho
|c Františka Sebíňová
|
| 260 |
|
|
|a Bratislava
|b Lúč
|c 2001
|
| 300 |
|
|
|a 229 s.
|b fotogr.
|c 20cm
|
| 490 |
1 |
|
|a Životné cesty
|v č. 29
|
| 500 |
|
|
|a Fotogr. na front.
|
| 600 |
1 |
7 |
|a Vůjtechová, Róza,
|d 1876-1945
|2 SNKMA
|9 300393
|
| 610 |
2 |
7 |
|a Tešiteľky
|2 SNKPH
|9 55307
|
| 655 |
|
7 |
|a biografie
|2 SNKPH
|9 27965
|
| 830 |
|
0 |
|a Životné cesty
|9 283925
|
| 919 |
|
|
|a 80-7114-357-X
|
| 999 |
|
|
|c 556331
|d 558261
|
| 952 |
|
|
|t P60, <03>, [BOOK], {603}
|a SNK
|b SNK
|y PREZ
|7 0
|p 17A0356030
|o snkSD 72359
|i snkKSP 10756/2002
|0 0
|1 0
|4 0
|d 2002-09-05
|l 0
|r 2005-01-02 00:00:00
|w 2026-02-23
|
| 952 |
|
|
|t P60, <04>, [BOOK], {604}
|a SNK
|b SNK
|y VYP
|7 0
|p 17A0356031
|o snkSD 72359 D1
|i snkKSP 10757/2002
|0 0
|1 0
|4 0
|d 2002-09-05
|f 1
|l 0
|r 2005-01-02 00:00:00
|w 2026-02-23
|